Štúdia trasy cestnej komunikácie v okolí mesta Modra s dôrazom na kvalitu životného prostredia

Gespeichert in:
Bibliographische Detailangaben
1. Verfasser: Bošanský, Lukáš, 1987- (Verfasst von)
Weitere Verfasser: Bartošová, Ľudmila, 1948- (Betreuung Doktorarbeit)
Format: Manuskript Buch
Sprache:Slowakisch
Veröffentlicht: Bratislava : STU v Bratislave SvF, 2011
Schlagworte:
Online-Zugang:VAIS
Tags: Tag hinzufügen
Keine Tags, Fügen Sie das erste Tag hinzu!

MARC

LEADER 00000ntm a22000003a 4500
001 stu230031
005 20150617230134.4
008 110708s2011----xo------------------slo-d
040 |a STU  |b slo 
041 0 |a slo 
044 |a xo 
100 1 |a Bošanský, Lukáš,  |d 1987-  |4 aut  |u V  |T SvF Stavebná fakulta  |X 39626  |U V  |Y 10  |7 A000039626 
242 0 0 |a propose a variant on the route of the road around the town of Modra, with an emphasis on environmental quality  |y eng 
245 1 |a Štúdia trasy cestnej komunikácie v okolí mesta Modra s dôrazom na kvalitu životného prostredia 
260 |a Bratislava :  |b STU v Bratislave SvF,  |c 2011 
650 7 |a Modra  |2 stusub 
650 7 |a environmentálne staviteľstvo  |2 stusub 
650 7 |a Environmental Engineering  |2 estusub 
700 1 |a Bartošová, Ľudmila,  |d 1948-  |4 ths  |u V120  |U SvF Stavebná fakulta  |T SvF Katedra dopravných stavieb  |X 994  |U V120  |Y 12  |7 A000000994 
856 4 |a info a plný text  |u http://is.stuba.sk/zp/portal_zp.pl?podrobnosti=76662  |3 VAIS